Statistics for Best Actor Oscar Winners by Photo (1999-1980)

Click here to take the quiz!

General Stats

  • This quiz has been taken 360 times
  • The average score is 15 of 19

Answer Stats

Answer% Correct
Tom Hanks
99%
Nicolas Cage
97%
Jack Nicholson
96%
Al Pacino
95%
Anthony Hopkins
94%
Robert De Niro
94%
Kevin Spacey
93%
Dustin Hoffman
92%
Michael Douglas
89%
Ben Kingsley
83%
Daniel Day-Lewis
83%
Paul Newman
77%
Jeremy Irons
73%
Robert Duvall
69%
Geoffrey Rush
63%
Henry Fonda
63%
William Hurt
58%
Roberto Benigni
49%
F. Murray Abraham
47%

Score Distribution

Percentile by Number Answered

Percent of People with Each Score

Your Score History

You have not taken this quiz